| 000 | 02062cad a22003255a 4500 | ||
|---|---|---|---|
| 001 | L144247 | ||
| 008 | 080707e20080702xxk f ns f000 0 eng d | ||
| 035 | _a(Sirsi) u144247 | ||
| 041 | 0 | _aeng | |
| 050 | 0 | 4 | _a333.33 $2 18 |
| 100 | 1 | _aWhitehead, Christine | |
| 245 | 0 | 0 |
_aRapid evidence review of the research literature on the impact of worsening affordability _h[electronic resource] |
| 260 |
_Fareham _bNHPAU _c2008 |
||
| 505 | 2 | _aA framework for the review -- What effect does worsening market housing affordability have on the demand for housing in the private rental sector? -- What effect does worsening market housing affordability have on the demand for social housing? -- How does worsening housing affordability affect household formation, and what are the effects of these changes on the distribution between tenures? -- Are there any regional variations in the effect of worsening housing market affordability on the demand for social housing? -- What are the effects of construction rates on the supply of affordable housing through S106 agreements? -- What are the costs of providing social housing? -- Synthesis: answering the questions in relation to the framework | |
| 520 | _aEvidence review of research literature on the impact of worsening housing affordability. Addresses demand; demographics; regional variations and construction rates. | ||
| 521 | _aAdvanced | ||
| 590 | _aKA | ||
| 650 | 2 | 4 | _aPLANNING POLICY STATEMENT 3 |
| 650 | 2 | 4 | _aBARKER REVIEW OF HOUSING SUPPLY: SECURING OUR FUTURE HOUSING NEEDS |
| 650 | 2 | 4 | _aTOWN AND COUNTRY PLANNING ACT 1990 S106 |
| 650 | 2 | 4 | _aGREEN PAPER HOMES FOR THE FUTURE: MORE AFFORDABLE, MORE SUSTAINABLE |
| 651 | 4 |
_aEngland and Wales _y1543- |
|
| 690 | _aPROPERTY-RESIDENTIAL PROPERTY-RESIDENTIAL PROPERTY MARKET | ||
| 700 | 1 | _aMonk, Sarah | |
| 700 | 1 | _aBurgess, Gemma | |
| 700 | 1 | _aClarke, Anna | |
| 700 | 1 | _aHolmans, Alan | |
| 856 | 4 | 0 |
_uhttps://www.communities.gov.uk/documents/507390/pdf/867696.pdf _zView the paper free of charge at www.communities.gov.uk/nhpau |
| 942 | _n0 | ||
| 999 |
_c108426 _d108426 |
||